La lola se va a los puertos /
Guardado en:
| Autor Principal: | |
|---|---|
| Otros Autores: | |
| Formato: | Libro |
| Publicado: |
Argentina :
Espasa Calpe,
1951
|
| Materias: | |
| Etiquetas: |
Agregar Etiqueta
Sin Etiquetas, Sea el primero en etiquetar este registro!
|
| LEADER | 00694nam a22002055a 4500 | ||
|---|---|---|---|
| 001 | CEM.cems004055 | ||
| 005 | 20060216000000.0 | ||
| 008 | 130507s1951##################000#0#####d | ||
| 003 | CEMS | ||
| 082 | 0 | 4 | |a 862.6 |
| 100 | 1 | |a Machado, Manuel | |
| 245 | 1 | 0 | |a La lola se va a los puertos / |c Desdichas de La Fortuna O Julianillo Valcarcel / |
| 260 | |a Argentina : |b Espasa Calpe, |c 1951 | ||
| 653 | |a Literatura | ||
| 653 | |a Teatro | ||
| 653 | |a Teatro español-siglo 20 | ||
| 700 | 1 | |a Machado, Antonio | |
| 859 | |a CEMS |b BIB. CEMS - 11 de abril |h 862.6 |i M11 |p 4795.76 |t Ej.1 | ||
| 859 | |a CEMS |b BIB. CEMS - 11 de abril |h 862.6 |i M11 |p 4796.76 |t Ej.2 | ||
| 859 | |a CEMS |b BIB. CEMS - 11 de abril |h 862.6 |i M11 |p 4797.76 |t Ej.3 | ||
